Trova la Città Misteriosa Basandoti sul Colore - Statistics

Statistiche generali
  • Questo quiz è stato fatto 552 volte
  • Il punteggio medio è 48 su 200
Risposte nella Mappa
Le risposte nella mappa del quiz sottostante sono codificate secondo una scala di colori dal rosso al verde in base alla % di persone che hanno risposto correttamente.
 
Statistiche sulle risposte
City % Corretto
Roma
79%
Parigi
70%
Londra
64%
Berlino
61%
Madrid
54%
Mosca
54%
Milano
42%
New York
41%
Pechino
35%
Barcellona
33%
Tokyo
32%
Buenos Aires
30%
Brasília
29%
Istanbul
29%
Kiev
29%
Los Angeles
29%
Il Cairo
28%
San Pietroburgo
28%
Washington
28%
Atene
27%
Città del Messico
27%
Manchester
26%
Teheran
26%
Ankara
25%
Boston
25%
Chicago
25%
Miami
25%
Rotterdam
25%
Seattle
25%
Shanghai
25%
Vancouver
25%
Birmingham
24%
Kinshasa
24%
Lagos
24%
Lima
24%
Rio de Janeiro
24%
San Francisco
24%
Santiago
24%
Sydney
24%
Toronto
24%
Addis Abeba
23%
Baghdad
23%
Bogotá
23%
Colonia / Dusseldorf
23%
Dubai
23%
Francoforte
23%
Manila
23%
Montreal
23%
Mumbai
23%
Quito
23%
San Diego
23%
San Paolo
23%
Taipei
23%
Abuja
22%
Accra
22%
Alexandria
22%
Algeri
22%
Amman
22%
Bangkok
22%
Brisbane
22%
Calcutta
22%
Canton
22%
Casablanca
22%
Chennai
22%
Città del Capo
22%
Cleveland
22%
Colombo
22%
Filadelfia
22%
Giacarta
22%
Hamburg
22%
Hanoi
22%
Hong Kong
22%
Houston
22%
Ibadan
22%
Johannesburg
22%
Kabul
22%
Kampala
22%
Kano
22%
Karachi
22%
Khartum
22%
Kuala Lumpur
22%
Kuwait
22%
Maputo
22%
Melbourne
22%
Monterrey
22%
Nairobi
22%
New Delhi
22%
Orlando
22%
Osaka
22%
Phoenix
22%
Pyongyang
22%
Seul
22%
Singapore
22%
Tashkent
22%
The Ruhr
22%
Yaoundé
22%
Abidjan
21%
Ahmedabad
21%
Atlanta
21%
Bamako
21%
Bandung
21%
Bangalore
21%
Belo Horizonte
21%
Bhilai
21%
Busan
21%
Cali
21%
Campinas
21%
Caracas
21%
Cebu
21%
Changchun
21%
Changsha
21%
Changzhou
21%
Chengdu
21%
Chittagong
21%
Chongqing
21%
Cincinnati
21%
Città del Guatemala
21%
Curitiba
21%
Dacca
21%
Daegu
21%
Dakar
21%
Dalian
21%
Dallas
21%
Damasco
21%
Dar es Salaam
21%
Denver
21%
Detroit
21%
Douala
21%
Durban
21%
Faisalabad
21%
Fortaleza
21%
Fukuoka
21%
Fuzhou
21%
Gedda
21%
Guadalajara
21%
Guayaquil
21%
Guiyang
21%
Gujranwala
21%
Hangzhou
21%
Harbin
21%
Hefei
21%
Ho Chi Minh
21%
Huizhou
21%
Hyderabad
21%
Indore
21%
Isfahan
21%
Izmir
21%
Jaipur
21%
Jinan
21%
Kanpur
21%
Kaohsiung
21%
Katmandu
21%
Kumasi
21%
Kunming
21%
Lahore
21%
Lanzhou
21%
Luanda
21%
Lucknow
21%
Mashhad
21%
Medan
21%
Medellín
21%
Minneapolis
21%
Nagoya
21%
Nagpur
21%
Nanchang
21%
Nanjing
21%
Nanning
21%
Napoli
21%
Ningbo
21%
Port-au-Prince
21%
Porto Alegre
21%
Puebla
21%
Pune
21%
Qingdao
21%
Rawalpindi
21%
Recife
21%
Riyadh
21%
Salvador
21%
Sana'a
21%
Santo Domingo
21%
Shantou
21%
Shenyang
21%
Shijiazhuang
21%
Surabaya
21%
Surat
21%
Taiyuan
21%
Tampa
21%
Tangshan
21%
Tel Aviv
21%
Tientsin
21%
Ürümqi
21%
Wenzhou
21%
Wuhan
21%
Wuxi
21%
Xiamen
21%
Xi'an
21%
Xuzhou
21%
Yangon
21%
Zhengzhou
21%
Zibo
21%
Nessun quiz corrispondente trovato
Distribuzione punteggi
Percentuale di utenti per punteggio
Percentile per numero di risposta
I tuoi punteggi nel tempo
Non hai fatto questo quiz